logo

Bir Sreshtho Munshi Abdur Rouf Library
Jhenaidah Cadet College

কল্পবৈজ্ঞানিক থ্রিলার: (Record no. 11897)

MARC details
000 -LEADER
fixed length control field 00795nam a2200229 a 4500
001 - CONTROL NUMBER
JCCL Control Number 11897
003 - CONTROL NUMBER IDENTIFIER
JCCL marc code BD-JhCC
005 - DATE AND TIME OF LATEST TRANSACTION
control field 20211012134021.0
008 - FIXED-LENGTH DATA ELEMENTS--GENERAL INFORMATION
fixed length control field 201125s2018 bg a|||| ||a| 000 0 ben d
020 ## - INTERNATIONAL STANDARD BOOK NUMBER
International Standard Book Number 9789849323372
035 ## - SYSTEM CONTROL NUMBER
system control number (BD-JhCC)11897
040 ## - CATALOGING SOURCE
Original cataloging agency BD-JhCC
Modifying agency BD-JhCC
041 ## - LANGUAGE CODE
Language code of Book ben
082 ## - DEWEY DECIMAL CLASSIFICATION NUMBER
Classification number 891.44
Author mark and Year BAB 2018
100 ## - MAIN ENTRY--PERSONAL NAME
Personal name বাবু; তাসরুজ্জামান
245 ## - TITLE STATEMENT
Title কল্পবৈজ্ঞানিক থ্রিলার:
Remainder of title বিয়ন্ড দ্য ম্যানমেইড ইউনিভার্স /
Statement of responsibility, etc তাসরুজ্জামান বাবু ।
260 ## - PUBLICATION, DISTRIBUTION, ETC. (IMPRINT)
Place of publication, distribution, etc ঢাকা:
Name of publisher, distributor, etc সময়;
Date of publication, distribution, etc ২০১৮.
300 ## - PHYSICAL DESCRIPTION
Pagination 109 p. :
Dimensions 22 cm
650 ## - SUBJECT ADDED ENTRY--TOPICAL TERM
Topical term or geographic name as entry element Bengali Fiction
Geographic subdivision
942 ## - ADDED ENTRY ELEMENTS (KOHA)
Source of classification or shelving scheme Dewey Decimal Classification
Koha item type Books
Koha issues (borrowed), all copies 11
Holdings
Source of classification or shelving scheme Damaged status Not for loan Home library Current library Shelving location Date of accession Source of acquisition Cost, normal purchase price Total Checkouts Full call number Barcode Date last seen Date checked out Copy number Koha item type
Dewey Decimal Classification     JCC Rouf Library JCC Rouf Library General Stacks 11/25/2020 Lt. Gen. Mahfuzur Rahman (10th intake) 150.00 4 891.44 BAB 2018 16253 12/12/2024 12/11/2024 C-1 Books

JCC Library | Contacts | JCC Home

Last Update on 23 September 2017
Copyright @ 2017-2020 JCC Rouf Library
Rouf Library, Jhenidah Cadet College (JCC), Bangladesh